000 00290nam a2200109Ia 4500
008 200302s9999 xx 000 0 und d
100 _aHolland and Others
245 _aMarketing By design Design driven Merchandising
260 _bRockpot Publishers Inc.
260 _c1997
300 _a245 P.,
999 _c1218
_d1218